000 00221nam a22001097a 4500
003 OSt
008 230127b |||||||| |||| 00| 0 eng d
041 _aeng
082 _a591
_bZOO
245 _aZoology collins
942 _cBK
999 _c17612
_d17612